Hogwarts Houses: All but One Quiz Stats

 Plays Quiz Updated Jul 5, 2018

Challenge
Share
Tweet
Embed
Score 0/36 Timer 05:00
4 Plays Today
House Answer % Correct
Basilisk VictimsColin Creevey...
91.8%
Founder's Item Turned into HorcruxRavenclaw's Diadem
86.1%
Dumbledore's Army MemberKatie Bell...
83.1%
Founder's Item Turned into HorcruxHufflepuff's Cup
80.7%
Dumbledore's Army MemberTerry Boot...
79%
Hogwarts Triwizard Tournament ApplicantAngelina Johnson...
76.7%
Hogwarts Triwizard Tournament ApplicantCedric Diggory
75%
Known Pureblood in House (Harry's Year)Neville Longbottom...
73.6%
Founder's Item Turned into HorcruxSlytherin's Locket
72.8%
Hogwarts Quidditch CommentatorLee Jordan
71.6%
Known Pureblood in House (Harry's Year)Draco Malfoy...
71.2%
Descendent of FounderMarvolo Gaunt...
69.3%
Basilisk VictimsJustin Finch Fletchley
67.3%
Dumbledore's Army MemberHannah Abbott...
65.1%
Slug Club Member (On Hogwarts Express)Cormac McLaggen...
64.9%
Basilisk VictimsPenelope Clearwater
63.3%
Founder's Item Turned into HorcruxNone
54.9%
Descendent of FounderHelena Ravenclaw
54.3%
House Answer % Correct
Dumbledore's Army MemberNone
54.2%
Basilisk VictimsNone
51.7%
Hogwarts Quidditch CommentatorLuna Lovegood
50.1%
Hogwarts Quidditch CommentatorNone
44.9%
Descendent of FounderNone
43.8%
Hogwarts Triwizard Tournament ApplicantNone
43.5%
Slug Club Member (On Hogwarts Express)Blaise Zabini
39.3%
Password/Answer to Enter Common RoomNone
36.1%
Password/Answer to Enter Common RoomCaput Draconis...
34.8%
Descendent of FounderHepzibah Smith
33.8%
Known Pureblood in House (Harry's Year)Ernie Macmillan
33.3%
Known Pureblood in House (Harry's Year)None
32.8%
Slug Club Member (On Hogwarts Express)None
31%
Password/Answer to Enter Common RoomPure-Blood
30.3%
Hogwarts Quidditch CommentatorZacharias Smith
26.5%
Password/Answer to Enter Common RoomA Circle has no Beginning...
21.8%
Slug Club Member (On Hogwarts Express)Marcus Belby
14.5%
Hogwarts Triwizard Tournament ApplicantWarrington
12%

You're not logged in!

Compare scores with friends on all Sporcle quizzes.
OR
Log In

You Might Also Like...

Show Comments

Extras

Top Quizzes Today


Score Distribution

Your Account Isn't Verified!

In order to create a playlist on Sporcle, you need to verify the email address you used during registration. Go to your Sporcle Settings to finish the process.

Report this User

Report this user for behavior that violates our Community Guidelines.

Details: